00979nam a2200253 a 450000100060000000300080000600500170001400800410003103500190007204000270009104100080011808200220012610000380014824501130018626000350029930000290033450000180036365000300038170000300041194200120044199900170045395201280047095201270059817499BD-RjUL20211209000142.0140217s1957 nyua j 000 0 eng  a(BD-RjUL)17557 aDLCcDLCdBD-RjULbeng aeng 223a811bFEF 19571 aFerris, Helen d1890-1969,95393110aFavorite poems, old and new :bselected for boys and girls /cHelen Ferris; Illustrated by Leonard Weisgard. aNew York :bDoubleday,cc1957. a598 p. :bill. ;c25 cm. aInclude index 0aChildren's poetry.953932 aWeisgard Leonard 9160306 2ddccBK c17499d17499 00102ddc40708NFICaRUCLbRUCLcReadingd1976-07-09eU.S.I.S.l0o811 FEF 1957r2014-02-17 00:00:00tC-3w2021-12-09yBK 00102ddc40708NFICaRUCLbRUCLcStackd1976-07-09eU.S.Govt.l0o811 FEF 1957r2016-10-04 00:00:00tC-4w2021-12-09yBK